000 00816nam a2200205Ia 4500
003 GCL
008 140319s9999 xx 000 0 ara d
040 _aGCL /
_cGCL
082 0 4 _a327.114
_bع ا
100 1 _aعونى عبدالرحمن السبعاوى
245 1 0 _aاسرائيل ومشاريع المياه التركية :
_bمستقبل الجوار المائى العربى /
_cعونى عبدالرحمن السبعاوى
250 _aالاولى
260 _aالامارات :
_bمركز الامارات للدراسات والبحوث الاستراتيجية ،
_c1997
300 _a67 ص ؛
_c20 سم
490 _aدراسات استراتيجية
_v10
650 0 4 _aالعلاقات الدولية
650 0 4 _aالحدود السياسية
650 0 4 _aالمياه
942 _2ddc
_cBK
999 _c5320
_d5320